| 000 | 00414nam a2200133Ia 4500 | ||
|---|---|---|---|
| 008 | 231129s1997||||xx |||||||||||||| ||spa|| | ||
| 020 | _a958-601-714-1 | ||
| 040 | _bspa | ||
| 082 | _a332.11098 B213 | ||
| 245 | 0 | _aLa banca central en América Latina: Aspectos económicos y jurídicos | |
| 260 | _c1997 | ||
| 264 | _aTercer Mundo; Banco de la República | ||
| 942 |
_2ddc _cBKS |
||
| 999 |
_c16456 _d16456 |
||